01691 a2200229 45000010006000000050017000060080041000230030015000640400040000790800067001192450048001860200018002342640033002523000019002855050959003040410008012639420007012715900036012781000024013149990015013389520108013535998020260407155852.0260407a2005 arg spa dAR-UNSa-BCEJYS aAR-UNSa-BCEJYSbspacAR-UNSa-BCEJYS a342.729xLibertad de reunión, de manifestarse públicamente10aEl derecho a la protestapEl primer derecho a950-894-485-4 1aBuenos Aires :bAD-HOCc2005 a265 p.c23 cm. a1. Ruta 1: Expresión cívica y "cortes de ruta" - 2. Ruta 2: ¿Un camino sin salida? El derecho ante los “cortes de ruta” – 3. Por qué el fallo “Alais” es (jurídicamente) inaceptable – 4. Cómo argumentar (y sobre todo cómo no hacerlo) frente a situaciones de conflicto social. La doctrina argentina frente a la protesta – 5. Inconsistencia y parcialidad. Un examen histórico de la jurisprudencia de la Corte Suprema argentina – 6. “Piedras de papel” y silencio: la crisis política argentina leída desde sus sistema institucional – 7. La alineación política en la Argentina – 8. Derechos especiales para grupos desaventajados – 9. Derechos de grupos, revisión judicial y “motivos personales” – 10. El socavamiento de las instituciones de la democracia constitucional – 11. La última carta. El derecho de resistencia en situaciones de alineación legal – 12. Liberalismo, socialismo y derechos. aspa cBK aniveau_biblio:m niveau_hierar:01 aCargarella, Roberto c6866d6866 00104070aBCEJYSbBCEJYSc16d2026-04-07l0o342.729 C257pL87982r2026-04-07 15:58:52w2026-04-07yL